| 000 | 01333nam a2200337 a 4500 | ||
|---|---|---|---|
| 001 | 000115535 | ||
| 003 | CHAP | ||
| 005 | 20220329144538.0 | ||
| 008 | 190603s2018 mx a sm |||||||spa d | ||
| 010 | _a111996 | ||
| 011 | _a112968 | ||
| 040 | _cCHAP | ||
| 090 | _aTesis | ||
| 100 | 1 |
_aGramillo Avila, Isaac. _9135914 |
|
| 245 | 1 | 0 |
_aComparación de un método indirecto y uno analítico en la cuantificación de clorofila y nitrógeno en hojas de higuerilla (Ricinus communis L.) y maíz (Zea mayz L.) / _h[En línea] _cpor Isaac Gramillo Avila. |
| 260 |
_aChapingo, Méx. : _bEl autor, _c2018. |
||
| 500 | _aPara ver el contenido del material haga clic en la liga | ||
| 502 | _aTesis (Ing. en Sistemas Agroalimentarios) -- UACH. Unidad Regional Universitaria de Zonas Áridas | ||
| 590 |
_aBATCH-UPD _b05 _c20190604 _lUCH01 _h1123 |
||
| 590 |
_aE11695DGD _b10 _c20190605 _lUCH01 _h0954 |
||
| 590 |
_aE8697GMM _b05 _c20190603 _lUCH01 _h1443 |
||
| 590 |
_aE8697GMM _b05 _c20190603 _lUCH01 _h1444 |
||
| 590 |
_aE8697GMM _b05 _c20190604 _lUCH01 _h1122 |
||
| 650 | 1 | 4 |
_aNitrógeno en plantas. _981476 |
| 650 | 1 | 4 |
_aNitrógeno _xEfecto en maíz. _981447 |
| 650 | 1 | 4 |
_aNitrógeno _xEfecto en plantas. _981457 |
| 856 |
_aFinding aid _uhttp://10.13.5.2/tesis/sist115535.pdf _zTeclea aquí |
||
| 901 | _aBK | ||
| 942 | _cTESIS | ||
| 942 | _n0 | ||
| 999 |
_c111996 _d111996 |
||